000 01370nam a22003977a 4500
005 20260407155741.0
008 111003t2009 ag a | |||| 00| 0 spa d
020 _a9789870315247
040 _aAR-MoUNM
041 _jspa
082 _220
_a657.45
_bCONT 759
245 0 0 _aContabilidad :
_bpasado, presente y futuro /
_cRicardo J. M. Pahlen Acuña ... [et al.]
260 _aBuenos Aires :
_bLa Ley,
_c2009.
300 _a787 p. :
_bil. ;
_c25 cm.
490 0 _a(Teoría contable / Ricardo J. M. Pahlen Acuña)
650 7 _aCONTABILIDAD
_2unescot
_967
650 7 _2mpirdes
_aCONTADORES
_9269
650 7 _2unescot
_aPRESUPUESTO
_9270
650 7 _2unescot
_aPLANIFICACION ECONOMICA
_9271
650 7 _2unescot
_aPLANIFICACION FINANCIERA
_9272
650 7 _2unescot
_aGESTION FINANCIERA
_9273
650 7 _aRECURSOS FINANCIEROS
_2unescot
_9274
650 7 _2unescot
_aCAPITAL
_9300
650 7 _2mpirdes
_aACCIONES
_9276
650 7 _2mpirdes
_aBANCOS
_9277
650 7 _2mpirdes
_aCAJAS DE AHORRO
_9278
650 7 _aCREDITO
_2unescot
_9279
650 7 _aINVERSION
_2unescot
_9280
700 1 _aPalhen Acuña, Ricardo J. M.
_9262
_edir.
_eaut.
700 1 _aCampo, Ana María.
_9303
700 1 _aChaves, Osvaldo Argentino.
_9264
700 1 _aFronti de García, Luisa.
_9265
700 1 _aHelouani, Rubén.
_9266
700 1 _aViegas, Juan Carlos.
_9267
942 _cLIBRO
999 _c69
_d69